000 00775nam a22002057a 4500
999 _c177879
_d177879
005 20210309150014.0
010 _aENG-129176
020 _a978-81-237-9187-6
_c145.00
035 _aEN-112708
037 _bDBAD/PUB
082 _a616.2414
100 _aDixit, Aprajita
245 _aThe Future of Social Distancing: new cardinals for children, adolescents and youth/
_cAprajita Dixit and Rekha Chauhan
260 _aNew Delhi
_bNational Book Trust
_c2020
270 _bNew Delhi
_e110070
_aNehru Bhawan, 5 Institutional Area, Phase-II, Vasant Kunj
300 _axxvi+94p.
_c21cm(pbk)
_bIncluding illustrations and bibliographical references.
500 _aillustration: Partha Sengupta
700 _aChauhan, Rekha
942 _2ddc
_cEN
_h616.2414
_mDIX